000 00780nas a2200253 4500
001 BR0102581
003 BR-BrBNA
005 20231205102247.0
007 ta
008 230509b bl.|||p| |||| 00| 00por d
040 _aBR-BrBNA
_bpor
_cBiblioteca Nacional de Agricultura
041 _a(Pt)
072 _aE13
100 1 _aSantiago, M.M.D.
245 1 _aUma analise econometrica da divida agricola brasileira: o caso da poupanca rural
650 _aCredito Agricola
650 _aEconometria
650 _aPolitica Governamental
650 _aAnalise Economica
650 _aPolitica Monetaria
773 0 _tAgricultura em Sao Paulo (Brazil)
_xISSN 0044-6793
_g(2000), v. 47(2) p. 21-40
_wBR0102581
909 _a202311
_bLúcia
_c55
_dLúcia Elande
942 _2AGRIS
_n0
_cANA
999 _c166623
_d166623